000 00777nam0a22002291 4500
001 rc\294615
005 20250621023107.0
035 _a(NLR Aleph) 005525416
090 _a5552782
_c5552782
100 _a20030307d1990 |||y0rusy50 ca
101 0 _arus
102 _aRU
105 _ay |||||||||
200 1 _aКультура Азербайджана в период первой русской революции (1905-1907 гг.)
_fАзерб. гос. пед. ин-т им. В.И. Ленина
210 _aБаку
_cБ. и.
_d1990 (1991)
215 _a111 с.
_d22
700 1 _aГаджибабаев
_bС.Ш. оглы
_gСафар Шихбаба оглы
801 0 _aRU
_bNLR
_gpsbo
801 1 _aRU
_bELAR
_2rusmarc
852 _aNLR
_j91-3/5991
942 _cBOOK
980 _aNB